<?xml version="1.0" encoding="UTF-8"?>
<record
    xmlns:xsi="http://www.w3.org/2001/XMLSchema-instance"
    xsi:schemaLocation="http://www.loc.gov/MARC21/slim http://www.loc.gov/standards/marcxml/schema/MARC21slim.xsd"
    xmlns="http://www.loc.gov/MARC21/slim">

  <leader>00477nam a22001697a 4500</leader>
  <datafield tag="999" ind1=" " ind2=" ">
    <subfield code="c">108016</subfield>
    <subfield code="d">108016</subfield>
  </datafield>
  <controlfield tag="005">20181005113422.0</controlfield>
  <controlfield tag="008">181005b           ||||| |||| 00| 0 eng d</controlfield>
  <datafield tag="020" ind1=" " ind2=" ">
    <subfield code="a">9781486019144</subfield>
  </datafield>
  <datafield tag="040" ind1=" " ind2=" ">
    <subfield code="c">PK-LaUMT</subfield>
  </datafield>
  <datafield tag="082" ind1=" " ind2=" ">
    <subfield code="a">616.9041</subfield>
    <subfield code="b">LEE-M</subfield>
  </datafield>
  <datafield tag="100" ind1=" " ind2=" ">
    <subfield code="a">Lee, Gary</subfield>
  </datafield>
  <datafield tag="245" ind1=" " ind2=" ">
    <subfield code="a">Microbiology and infection control for health professionals /</subfield>
    <subfield code="c">Gary Lee and Penny Bishop</subfield>
  </datafield>
  <datafield tag="250" ind1=" " ind2=" ">
    <subfield code="a">6th ed.</subfield>
  </datafield>
  <datafield tag="260" ind1=" " ind2=" ">
    <subfield code="a">Melbourne :</subfield>
    <subfield code="b">Pearson Australia,</subfield>
    <subfield code="c">2018</subfield>
  </datafield>
  <datafield tag="300" ind1=" " ind2=" ">
    <subfield code="a">612 p.</subfield>
  </datafield>
  <datafield tag="942" ind1=" " ind2=" ">
    <subfield code="c">BK</subfield>
  </datafield>
  <datafield tag="952" ind1=" " ind2=" ">
    <subfield code="0">0</subfield>
    <subfield code="1">0</subfield>
    <subfield code="4">0</subfield>
    <subfield code="7">0</subfield>
    <subfield code="a">01</subfield>
    <subfield code="b">01</subfield>
    <subfield code="d">2018-10-05</subfield>
    <subfield code="l">2</subfield>
    <subfield code="o">616.9041 LEE-M</subfield>
    <subfield code="p">123675</subfield>
    <subfield code="r">2020-01-11 00:00:00</subfield>
    <subfield code="s">2020-01-01</subfield>
    <subfield code="w">2018-10-05</subfield>
    <subfield code="y">BK</subfield>
  </datafield>
  <datafield tag="952" ind1=" " ind2=" ">
    <subfield code="0">0</subfield>
    <subfield code="1">0</subfield>
    <subfield code="4">0</subfield>
    <subfield code="7">0</subfield>
    <subfield code="a">01</subfield>
    <subfield code="b">01</subfield>
    <subfield code="d">2019-04-17</subfield>
    <subfield code="l">1</subfield>
    <subfield code="o">616.9041 LEE-M</subfield>
    <subfield code="p">129541</subfield>
    <subfield code="r">2021-03-03 00:00:00</subfield>
    <subfield code="s">2020-12-12</subfield>
    <subfield code="t">C. 2</subfield>
    <subfield code="w">2019-04-17</subfield>
    <subfield code="y">BK</subfield>
  </datafield>
  <datafield tag="952" ind1=" " ind2=" ">
    <subfield code="0">0</subfield>
    <subfield code="1">0</subfield>
    <subfield code="4">0</subfield>
    <subfield code="7">0</subfield>
    <subfield code="a">01</subfield>
    <subfield code="b">01</subfield>
    <subfield code="d">2020-09-12</subfield>
    <subfield code="l">0</subfield>
    <subfield code="o">616.9041 LEE-M</subfield>
    <subfield code="p">134781</subfield>
    <subfield code="r">2020-09-12 00:00:00</subfield>
    <subfield code="t">C.3</subfield>
    <subfield code="w">2020-09-12</subfield>
    <subfield code="y">BK</subfield>
  </datafield>
</record>
